| 000 | | | 03857nac2a22002891x 450 |
| 001 | | | 142c838f-8d8c-4b5e-85ad-13eb38f7ef4d |
| 005 | | | 20131106035927.0 |
| 100 | ## | $a | 20130605l19201927k y0rusy50 ca |
| 101 | 0# | $a | rus |
| 102 | ## | $a | RU |
| 105 | ## | $a | y z ||||| |
| 122 | 2# | $a | d19201229 |
| | $a | d19270315 |
| 200 | 1# | $a | Оршанского Л. |
| | $j | 29 декабря 1920 - 15 марта 1927 |
| 215 | ## | $a | 3 листа |
| 251 | ## | $c | Дело |
| 300 | ## | $a | Заголовок дела на папке: Письма Оршанского Л. Кони А. Ф. |
| 300 | ## | $a | 3 письма |
| 300 | ## | $a | Рукописный текст |
| 330 | ## | $a | Переписка А. Ф. Кони; Письма к А. Ф. Кони |
| 461 | #0 | $1 | 0013a54f2e3-e9cf-409b-80fa-f0a9bd3c40cb |
| | $1 | 2001 |
| | $a | Кони Анатолий Федорович, юрист, литератор, член академии наук, председатель Санкт-Петербургского окружного суда, член государственного совета |
| | $1 | 251 |
| | $c | Фонд |
| | $1 | 852 |
| | $j | 564 |
| 462 | #0 | $1 | 00178a475cd-a47d-4377-bff3-cee4b81de655 |
| | $1 | 2001 |
| | $a | Опись дел фонда А. Ф. Кони за 1880-1931 гг. |
| | $1 | 251 |
| | $c | Опись |
| | $1 | 852 |
| | $j | 1 |
| 517 | ## | $a | Письма Оршанского Л. Кони А. Ф. |
| 600 | #1 | $a | Кони |
| | $b | А. Ф. |
| | $f | 1844-1927 |
| | $g | Анатолий Федорович |
| 600 | #1 | $a | Оршанский |
| | $b | Л. |
| 801 | #0 | $a | RU |
| | $b | GA_RF |
| 801 | #1 | $a | RU |
| | $b | НПО Опыт |
| | $c | 20130605 |
| | $2 | rusmarc |
| 801 | #2 | $a | RU |
| | $b | ПБ им. Б.Н. Ельцина |
| | $c | 20131106 |
| | $g | RCR |
| | $2 | rusmarc |
| 852 | ## | $a | ГА РФ |
| | $j | 2792 |
| 937 | ## | $d | 40859255 |
| | $h | ПБ |
| 035 | ## | $a | RuPRLIB51006047 |